| Tag |
First Indicator |
Second Indicator |
Subfields |
| LEADER |
00000cam a2200000 a 4500 |
| 001 |
in00002710121 |
| 005 |
20151202142654.0 |
| 008 |
101115s2012 maua b 001 0 eng |
| 010 |
|
|
|a 2010048600
|
| 020 |
|
|
|a 9780205082933 (alk. paper)
|
| 020 |
|
|
|a 0205082939 (alk. paper)
|
| 035 |
|
|
|a (OCoLC)ocn681739445
|
| 040 |
|
|
|a DLC
|c DLC
|d TXA
|d UtOrBLW
|
| 049 |
|
|
|a TXAM
|
| 050 |
0 |
0 |
|a JZ1305
|b .V56 2012
|
| 082 |
0 |
0 |
|a 327.101
|2 22
|
| 100 |
1 |
|
|a Viotti, Paul R.
|
| 245 |
1 |
0 |
|a International relations theory /
|c Paul R. Viotti, Mark V. Kauppi.
|
| 250 |
|
|
|a 5th ed.
|
| 264 |
|
1 |
|a Boston :
|b Longman,
|c [2012]
|
| 264 |
|
4 |
|c ©2012
|
| 300 |
|
|
|a xiii, 479 pages :
|b illustrations ;
|c 24 cm.
|
| 336 |
|
|
|a text
|b txt
|2 rdacontent
|
| 337 |
|
|
|a unmediated
|b n
|2 rdamedia
|
| 338 |
|
|
|a volume
|b nc
|2 rdacarrier
|
| 504 |
|
|
|a Includes bibliographical references and index.
|
| 650 |
|
0 |
|a International relations.
|
| 700 |
1 |
|
|a Kauppi, Mark V.
|
| 948 |
|
|
|a cataloged
|b h
|c 2011/9/9
|d c
|e dmitchel
|f 8:30:20 am
|
| 994 |
|
|
|a C0
|b TXA
|
| 999 |
|
|
|a MARS
|
| 999 |
f |
f |
|s e5e14406-dfe4-37e1-a726-47584c41951f
|i 5eda0efd-6793-3404-ba0f-69b02c619116
|t 0
|
| 952 |
f |
f |
|p ric
|a Texas A&M University
|b Rellis Campus
|c Joint Library Facility
|d Remote Storage
|t 0
|e JZ1305 .V56 2012
|h Library of Congress classification
|i unmediated -- volume
|m A14839524070
|
| 952 |
f |
f |
|p ric
|a Texas A&M University
|b Rellis Campus
|c Joint Library Facility
|d Remote Storage
|t 0
|e JZ1305 .V56 2012
|h Library of Congress classification
|i unmediated -- volume
|m A14842805955
|
| 998 |
f |
f |
|a JZ1305 .V56 2012
|t 0
|l Remote Storage
|
| 998 |
f |
f |
|a JZ1305 .V56 2012
|t 0
|l Remote Storage
|